Flags of the Federal Subjects of Russia - Statistics

General Stats
  • This quiz has been taken 30 times
  • The average score is 42 of 94
Answer Stats
Picture Answer % Correct
Chechen Republic
79%
Chuvash Republic
79%
Republic of Buryatia
79%
Republic of Crimea
79%
Moscow
68%
Omsk Oblast
68%
Republic of Adygea
68%
Republic of Dagestan
68%
Republic of Ingushetia
68%
Arkhangelsk Oblast
63%
Jewish Autonomous Oblast
63%
Mari El Republic
63%
Sakhalin Oblast
63%
Kamchatka Krai
58%
Republic of Kalmykia
58%
Republic of North Ossetia-Alania
58%
Tuva Republic
58%
Amur Oblast
53%
Irkutsk Oblast
53%
Komi Republic
53%
Krasnodar Krai
53%
Murmansk Oblast
53%
Republic of Tatarstan
53%
Sakha Republic
53%
Volgograd Oblast
53%
Altai Republic
47%
Astrakhan Oblast
47%
Belgorod Oblast
47%
Chelyabinsk Oblast
47%
Kabardino-Balkar Republic
47%
Kaliningrad Oblast
47%
Kostroma Oblast
47%
Krasnoyarsk Krai
47%
Kurgan Oblast
47%
Lipetsk Oblast
47%
Moscow Oblast
47%
Nenets Autonomous Okrug
47%
Republic of Karelia
47%
Saint Petersburg
47%
Stavropol Krai
47%
Tyumen Oblast
47%
Udmurt Republic
47%
Yamalo-Nenets Autonomous Okrug
47%
Altai Krai
42%
Bryansk Oblast
42%
Chukotka Autonomous Okrug
42%
Ivanovo Oblast
42%
Kaluga Oblast
42%
Kamchatka Oblast (now Kamchatka Krai)
42%
Khabarovsk Krai
42%
Kirov Oblast
42%
Leningrad Oblast
42%
Nizhny Novgorod Oblast
42%
Penza Oblast
42%
Perm Krai
42%
Pskov Oblast
42%
Republic of Bashkortostan
42%
Republic of Khakassia
42%
Republic of Mordovia
42%
Rostov Oblast
42%
Samara Oblast
42%
Smolensk Oblast
42%
Tula Oblast
42%
Voronezh Oblast
42%
Yaroslavl Oblast
42%
Zabaykalsky Krai
42%
Karachay-Cherkess Republic
37%
Kursk Oblast
37%
Novgorod Oblast
37%
Novosibirsk Oblast
37%
Orenburg Oblast
37%
Perm Oblast (now Perm Krai)
37%
Primorsky Krai
37%
Ryazan Oblast
37%
Sevastopol
37%
Tambov Oblast
37%
Tomsk Oblast
37%
Tver Oblast
37%
Ulyanovsk Oblast
37%
Vladimir Oblast
37%
Vologda Oblast
37%
Kemerovo Oblast
32%
Khanty-Mansi Autonomous Okrug
32%
Magadan Oblast
32%
Saratov Oblast
32%
Oryol Oblast
26%
Sverdlovsk Oblastq
26%
Chita Oblast (now Zabaykalsky Krai)
16%
Koryak Autonomous Okrug (now Kamchatka Krai)
16%
Taymyr Autonomous Okrug (now Krasnoyarsk Krai)
16%
Agin-Buryat Autonomous Okrug (now Zabaykalsky Krai)
11%
Evenk Autonomous Okrug (now Krasnoyarsk Krai)
11%
Komi-Permyak Autonomous Okrug (now Perm Krai)
11%
Ust-Orda Buryat Autonomous Okrug (now Irkutsk Oblast)
11%
No matching quizzes found
Score Distribution
Percent of People with Each Score
Percentile by Number Answered
Your Score History
You have not taken this quiz